Učení z textu a didaktická informace

Saved in:
Bibliographic Details
Main Author: Průcha, Jan
Format: Book
Language:Czech
Published: Praha Academia 1987
Edition:1. vyd.
Series:Rozpravy ČSAV
Tags: Add Tag
No Tags, Be the first to tag this record!

MARC

LEADER 00000nam a2200000 4500
001 c024378
005 20240417120952.7
041 0 |a cze 
044 |a CZ 
245 1 0 |a Učení z textu a didaktická informace  |c Jan Průcha 
250 |a 1. vyd. 
264 1 |a Praha  |b Academia  |c 1987 
300 |a 91 s. 
490 1 |a Rozpravy ČSAV 
830 0 |a Rozpravy ČSAV 
100 1 |a Průcha, Jan